| 000 | 004740000a22001810004500 | ||
|---|---|---|---|
| 041 | 0 | _aENG | |
| 082 | 0 | 4 | _aG 253.4 L9213s |
| 100 | 1 | _aLowry, Oscar (1872-) | |
| 245 | 1 | 0 | _ascripture memorizing for successful soul winning / Oscar Lowry |
| 250 | _a7 | ||
| 260 | _aGrand Rapids, MI., USA : Zondervan | ||
| 300 | _a192 Pag | ||
| 001 | 9070 | ||
| 942 | _cBK | ||
| 999 |
_c39152 _d39152 |
||
| 336 |
_atexto _btxt _2rdacontent |
||
| 337 |
_2rdamedia _asin mediación _bn |
||
| 338 |
_2rdacarrier _avolumen _bnc |
||